|
|
|
|
| LEADER |
00811nab a2200217 i 4500 |
| 001 |
publ4311 |
| 005 |
20190131114754.0 |
| 008 |
140627s2013 hu o 0|| angol d |
| 022 |
|
|
|a 1932-6203
|
| 024 |
7 |
|
|a 10.1371/journal.pone.0074181
|2 doi
|
| 024 |
7 |
|
|a 2367650
|2 mtmt
|
| 040 |
|
|
|a SZTE Publicatio Repozitórium
|b hun
|
| 041 |
|
|
|a angol
|
| 100 |
1 |
|
|a Csupor Dezső
|
| 245 |
1 |
0 |
|a Low Potency Homeopathic Remedies and Allopathic Herbal Medicines
|h [elektronikus dokumentum] :
|b Is There an Overlap? /
|c Csupor Dezső
|
| 260 |
|
|
|a Public Library of Science
|c 2013
|
| 300 |
|
|
|a Azonosító: e74181-Terjedelem: 5 p.
|
| 490 |
0 |
|
|a PLoS ONE
|v 8 No. 9
|
| 700 |
0 |
1 |
|a Boros Klára
|e aut
|
| 700 |
0 |
1 |
|a Hohmann Judit
|e aut
|
| 856 |
4 |
0 |
|u http://publicatio.bibl.u-szeged.hu/4311/1/2367650%20Csupor_Plos%20ONE_2013.pdf
|z Dokumentum-elérés
|